Heat exchangers : (Record no. 9908)

MARC details
000 -LEADER
fixed length control field 00641nam a2200193 a 4500
020 ## - INTERNATIONAL STANDARD BOOK NUMBER
ISBN 0070628068 (hardcover)
020 ## - INTERNATIONAL STANDARD BOOK NUMBER
ISBN 9780070628069 (hardcover)
245 10 - TITLE STATEMENT
Title Heat exchangers :
250 ## - EDITION STATEMENT
Edition statement 1st ed.
260 ## - PUBLICATION, DISTRIBUTION, ETC. (IMPRINT)
Place of publication [S.l.] :
Name of publisher Hemsiphere Pub / McGraw-Hill,
Year of publication 1983.
300 ## - PHYSICAL DESCRIPTION
Number of Pages 978 p. ;
700 1# - ADDED ENTRY--PERSONAL NAME
Personal name Taborek, J.
700 1# - ADDED ENTRY--PERSONAL NAME
Personal name Hewitt, G.F.
700 1# - ADDED ENTRY--PERSONAL NAME
Personal name Afgan, N.
856 40 - ELECTRONIC LOCATION AND ACCESS
Uniform Resource Identifier http://www.amazon.com/exec/obidos/ASIN/0070628068/chopaconline-20
Holdings
Withdrawn status Lost status Home library Current library Date acquired Full call number Accession Number Koha item type
    Central Library, QUEST, Nawabshah Central Library, QUEST, Nawabshah 12/09/2014 TAB 16816 Books